000 01087nam a22002655i 4500
001 163569
003 ES-MaACL
005 20250804044108.0
008 960304m18431844fr |||| | fre d
040 _aEUS
_bspa
_cEUS
100 1 _aRitter, Heinrich.
_9131840
_eaut
245 1 0 _aHistoire de la philosophie chrétienne /
_cpar le Dr. Henri Ritter ; traduite de l'allemand et précédée d'un mot sur la relation de la croyance avec la cience par J. Trullard.
260 _aParis :
_bLibrairie Philosophique de Ladrange,
_c1843-1844
_f(Imp. de Bourgogne et Martinet)
300 _a2 volúmenes ([6], XXXIX, 512 páginas; [4], 583 páginas) ;
_c22 cm.
596 _aWWW CCFr, 12/12/03.
597 _aSignaturizado.
597 _aAntep.
650 0 7 _aFilosofía cristiana
_2embne
_912834
700 1 _aTrullard, Jacques,
_d1815-1887
_9133400
_eaui
852 _aES-MaACL
_cSVI
_hDonativo de Antonio Aura Boronat, Madrid mayo 1874
_jD-4839-40
_xCartoné
942 _2udc
_cMONANT
_n0
999 _c163569
_d163569